000 00752nam a22002177a 4500
003 JO-AjAnu
005 20250722102039.0
008 250722b jo ||||| |||| 00| 0 ara d
020 _a9789957868727
040 _aJO-AjAnu
_bara
_cJO-AjAnu
_dJO-AjAnu
_erda
041 _aara
_hara
050 _aHF5415.M822
_b2018
100 1 _aمعلا، ناجي
_957141
_eمؤلف
245 0 _aاصول التسويق : مدخل تحليلي /
_cتاليف ناجي معلا
250 _aالطبعة الاولى
260 _aعمان :
_bالمؤلف،
_c2018
300 _a376 صفحة
504 _aيحتوي على قائمة مراجع ومسرد مصطلحات
650 7 0 _aالتسويق، دراسات التسويق
_966616
942 _2lcc
_cBK
_n0
999 _c33960
_d33960